000 00818nam a2200265 i 4500
001 C2-0336986
003 PPAK
005 20180728135832.0
008 160717s2016 my a|||| ||||| | may d
020 _a9789670635453
040 _aPPAK
_beng
_cPPAK
_erda
082 0 4 _a741.207
_223
090 0 0 _a741.207
_bSUH
_dRK
100 0 _aSuhaibah Abdul Mutalib,
_eauthor
245 1 0 _aKeseimbangan karya dan seni bina
264 1 _aAmpang, Selangor :
_bPenerbitan Zamzam ,
_c2016
300 _a56 pages :
_bcolour illustrations, colour photographs ;
_c26 cm
336 _2rdacontent
_atext
337 _2rdamedia
_aunmediated
338 _2rdacarrier
_avolume
490 1 _aSiri pendidikan seni visual
650 1 0 _aArt - Study and teaching (Secondary).
830 0 _aSiri pendidikan seni visual
942 _ddc
_cB
999 _c134702
_d134702